Art Appreciation (Record no. 88092)

MARC details
000 -LEADER
fixed length control field 00687nam a22002537a 4500
003 - CONTROL NUMBER IDENTIFIER
control field URS
005 - DATE AND TIME OF LATEST TRANSACTION
control field 20260210104348.0
020 ## - INTERNATIONAL STANDARD BOOK NUMBER
International Standard Book Number 978-621-409-306-9
040 ## - CATALOGING SOURCE
Transcribing agency URS
050 ## - LIBRARY OF CONGRESS CALL NUMBER
Classification number NX280
Item number .B75 2025
082 ## - DEWEY DECIMAL CLASSIFICATION NUMBER
Classification number 700.1
Item number B7728 2025
100 ## - MAIN ENTRY--PERSONAL NAME
Personal name Briones, Mario R.,
Relator term author
245 ## - TITLE STATEMENT
Title Art Appreciation
250 ## - EDITION STATEMENT
Edition statement Third Edition
264 ## - PRODUCTION, PUBLICATION, DISTRIBUTION, MANUFACTURE, AND COPYRIGHT NOTICE
Place of production, publication, distribution, manufacture Quezon City
Name of producer, publisher, distributor, manufacturer Books Atbp. Publishing Corp.
Date of production, publication, distribution, manufacture, or copyright notice ©2025
300 ## - PHYSICAL DESCRIPTION
Extent 272 pages.,:
Dimensions 22 cm.
336 ## - CONTENT TYPE
Source rdacontent
Content type term text
337 ## - MEDIA TYPE
Source rdamedia
Media type term unmediated
338 ## - CARRIER TYPE
Source rdacarrier
Carrier type term volume
650 #0 - SUBJECT ADDED ENTRY--TOPICAL TERM
Topical term or geographic name entry element Art appreciation
700 ## - ADDED ENTRY--PERSONAL NAME
Personal name Alvarez, Manual Luis R.
Relator term author
700 1# - ADDED ENTRY--PERSONAL NAME
Personal name Solmerano, Ernesto Thaddeus M.,
942 ## - ADDED ENTRY ELEMENTS (KOHA)
Source of classification or shelving scheme Library of Congress Classification
Koha item type Filipiniana
Holdings
Withdrawn status Source of classification or shelving scheme Damaged status Not for loan Home library Current library Shelving location Date acquired Total Checkouts Full call number Barcode Date last seen Price effective from Koha item type Collection code Source of acquisition Copy number
  Library of Congress Classification     Binangonan College Library Binangonan College Library Filipiniana Section 02/12/2026   N 7477 .B7728 2025 URSBIN-FIL4081 02/12/2026 02/12/2026 Filipiniana Non-fiction Purchased 1
  Library of Congress Classification     Binangonan College Library Binangonan College Library Filipiniana Section 02/12/2026   N 7477 .B7728 2025 URSBIN-FIL4082 02/12/2026 02/12/2026 Filipiniana Non-fiction Purchased 2
  Dewey Decimal Classification     Pililla College Library Pililla College Library New Materials Shelf 02/10/2026   700.1 B7728 2025 URSPIL-7405 02/10/2026 02/10/2026 Filipiniana      
  Dewey Decimal Classification     Pililla College Library Pililla College Library New Materials Shelf 02/10/2026   700.1 B7728 2025 URSPIL-7406 02/10/2026 02/10/2026 Filipiniana      

University of Rizal System
Email us at univlibservices@urs.edu.ph

Visit our Website www.urs.edu.ph/library